Statistics for Biggest first-level subdivisions by population without China and India

Click here to take the quiz!

General Stats

  • This quiz has been taken 890 times
  • The average score is 13 of 22

Answer Stats

CountryPopulationAnswer% Correct
United States39,538,223California
97%
United kingdom56,490,048England
94%
United States29,145,505Texas
94%
United States20,201,249New York
93%
United States21,538,187Florida
90%
Brazil44,040,000Sao Paulo
84%
Brazil16,460,000Rio de janeiro
83%
Mexico16,990,000Mexico
79%
Nigeria15,946,000Lagos
76%
Bangladesh44,215,107Dhaka
75%
Pakistan110,012,442Punjab
59%
Germany18,077,762North Rhine-Westphalia
55%
Bangladesh33,202,326Chittagong
54%
Indonesia39,955,900East Java
44%
Indonesia43,230,000West Java
44%
Pakistan47,900,000Sindh
40%
Indonesia36,516,035Central Java
38%
Brazil20,870,000Minas Gerais
31%
Ethiopia20,136,000Amhara
23%
Ethiopia28,067,000Oromia
21%
Pakistan30,523,371Khyber Pakhtunkhwa
18%
Bangladesh18,484,858Rajshahi
11%

Score Distribution

Percentile by Number Answered

Percent of People with Each Score

Your Score History

You have not taken this quiz